000 00581nam a2200205 a 4500
005 20210223124048.0
008 991125n 000 0 u
035 _aUPN01000105605
100 _aCISNEROS PAZ, Erasmo
_935020
222 _aPEDAGOGIA : REVISTA DE LA UNIVERSIDAD PEDAGOGICA NACIONAL
245 _a¿ Existe hoy una cultura indígena en México ?
260 _aMEXICO
300 _a5-8
362 _a1988 Vol. 5, no. 16 oct.-dic.
653 0 _aCULTURA INDIGENA
653 0 _aGRUPOS INDIGENAS
653 0 _aMEXICO
904 _aAC
_b043416
905 _aArticulo
999 _c79553
_d79553